05秋田県の市町村 - Statistics

General Stats
  • This quiz has been taken 77 times
    72 since last reset
  • The average score is 16 of 25
Answer Stats
Answer % Correct
秋田市
100%
男鹿市
100%
大館市
93%
大仙市
93%
横手市
91%
由利本荘市
88%
北秋田市
86%
能代市
81%
にかほ市
81%
仙北市
81%
湯沢市
79%
鹿角市
65%
潟上市
58%
南秋田郡八郎潟町
44%
北秋田郡上小阿仁村
42%
南秋田郡井川町
42%
山本郡八峰町
40%
南秋田郡五城目町
40%
南秋田郡大潟村
40%
鹿角郡小坂町
37%
山本郡藤里町
37%
山本郡三種町
37%
仙北郡美郷町
37%
雄勝郡羽後町
35%
雄勝郡東成瀬村
30%
No matching quizzes found
Score Distribution
Percent of People with Each Score
Percentile by Number Answered
Your Score History
You have not taken this quiz since the last reset